[Event "The Rizla"]
[Site "SchemingMind.com"]
[Date "2011.04.22"]
[Round "-"]
[White "Gorake"]
[Black "NAZRIZ1977"]
[Result "1-0"]
[WhiteCountry "SWE"]
[BlackCountry "WLS"]
[WhiteElo "1603"]
[WhiteRD "73"]
[BlackElo "1513"]
[BlackRD "68"]
[GameID "281935"]

1. f4 Nf6 2. Nf3 g6 3. e3 Bg7 4. Be2 O-O 5. c3 d5 6. O-O c5 7. d4 Nc6 8. dxc5 Ne4 9. b4 Nxc3 10. Nxc3 Bxc3
11. Rb1 Bxb4 12. Qc2
1-0

[Event "The Rizla"]
[Site "SchemingMind.com"]
[Date "2011.04.24"]
[Round "-"]
[White "Dimarik"]
[Black "Gorake"]
[Result "0-1"]
[WhiteCountry "UKR"]
[BlackCountry "SWE"]
[WhiteElo "1116"]
[WhiteRD "172"]
[BlackElo "1603"]
[BlackRD "73"]
[GameID "282020"]

1. e4 e5 2. Nf3 Nc6 3. Bb5 Qf6 4. d3 a6 5. Ba4 b5 6. Bb3 Nh6 7. O-O Bb7 8. Nc3 Be7 9. Nd5 Qd6 10. Nxe7 Nxe7
11. Bxh6 Qxh6
0-1

[Event "The Rizla"]
[Site "SchemingMind.com"]
[Date "2011.04.29"]
[Round "-"]
[White "Gorake"]
[Black "emvarela"]
[Result "0-1"]
[WhiteCountry "SWE"]
[BlackCountry "ARG"]
[WhiteElo "1594"]
[WhiteRD "75"]
[BlackElo "1785"]
[BlackRD "50"]
[GameID "282065"]

1. f4 d5 2. Nf3 Nc6 3. e3 e6 4. Be2 Nf6 5. O-O Bd6 6. b3 O-O 7. Bb2 Nd7 8. Ng5 h6 9. Nh3 e5 10. fxe5 Ndxe5
11. Nc3 Bxh3 12. gxh3 Qg5+ 13. Kh1 Ng6 14. Rg1 Qe5 15. Bd3 Qxh2#
0-1

[Event "The Rizla"]
[Site "SchemingMind.com"]
[Date "2011.04.30"]
[Round "-"]
[White "pclaxton"]
[Black "emvarela"]
[Result "0-1"]
[WhiteCountry "ENG"]
[BlackCountry "ARG"]
[WhiteElo "1317"]
[WhiteRD "59"]
[BlackElo "1785"]
[BlackRD "50"]
[GameID "282115"]

1. e4 e5 2. Nf3 Nc6 3. d3 Nf6 4. Bg5 Be7 5. Nc3 O-O 6. Be2 d6 7. Bxf6 Bxf6 8. Nd5 Re8 9. O-O Be6 10. Nxf6+ Qxf6
11. g3 d5 12. c4 dxe4 13. dxe4 Nd4 14. Bd3 Nxf3+ 15. Kg2 Ng5 16. Kg1 Bh3 17. Re1 Nf3+ 18. Kh1 Nxe1 19. Qxe1 Qf3+ 20. Kg1 Qg2#
0-1

[Event "The Rizla"]
[Site "SchemingMind.com"]
[Date "2011.04.25"]
[Round "-"]
[White "pclaxton"]
[Black "Gorake"]
[Result "0-1"]
[WhiteCountry "ENG"]
[BlackCountry "SWE"]
[WhiteElo "1311"]
[WhiteRD "56"]
[BlackElo "1603"]
[BlackRD "73"]
[GameID "282117"]

1. e4 e5 2. Nf3 Nc6 3. Bb5 Nd4 4. Nxd4 exd4 5. c3 a6 6. Bc4 b5 7. Bb3 dxc3 8. Nxc3 Bb4 9. e5 Qg5 10. d4 Qxg2
11. Bd5 Bxc3+ 12. Bd2 Bxd2+ 13. Kxd2 Qxd5 14. Qg4 g6 15. Rac1 d6 16. Qf4 dxe5 17. Qxe5+ Qxe5 18. dxe5 Be6 19. Rxc7 Bxa2 20. Re1 Ne7
21. Ra1 Bc4 22. Kc3 Rc8 23. Rxc8+ Nxc8 24. Rxa6 Ke7 25. f4 Rd8 26. b3 Rd3+ 27. Kc2 Rxb3 28. Rc6 Kd7 29. Rf6 Ke7 30. h4 Rh3
31. Kd2 Be6 32. Rxe6+ Kxe6 33. Ke2 Kf5 34. Kf2 b4 35. Kg2 Kg4
0-1

[Event "The Rizla"]
[Site "SchemingMind.com"]
[Date "2011.04.30"]
[Round "-"]
[White "emvarela"]
[Black "pclaxton"]
[Result "1-0"]
[WhiteCountry "ARG"]
[BlackCountry "ENG"]
[WhiteElo "1827"]
[WhiteRD "52"]
[BlackElo "1311"]
[BlackRD "56"]
[GameID "282119"]

1. e4 e5 2. Nf3 Nc6 3. d4 f6 4. d5 Nce7 5. c4 d6 6. h4 Bg4 7. Be2 c6 8. Nc3 c5 9. Qa4+ Bd7 10. Nb5 a6
11. Nxd6#
1-0

[Event "The Rizla"]
[Site "SchemingMind.com"]
[Date "2011.04.25"]
[Round "-"]
[White "Gorake"]
[Black "pclaxton"]
[Result "1-0"]
[WhiteCountry "SWE"]
[BlackCountry "ENG"]
[WhiteElo "1594"]
[WhiteRD "75"]
[BlackElo "1317"]
[BlackRD "59"]
[GameID "282121"]

1. f4 d5 2. Nf3 e6 3. e3 Nc6 4. Bb5 Bd7 5. Be2 Nf6 6. b3 Bc5 7. Bb2 O-O 8. Ng5 Nb4 9. a3 Nc6 10. Bd3 g6
11. h4 h6 12. Nf3 e5 13. fxe5 Ng4 14. b4 Be7 15. h5 Bh4+ 16. Nxh4 g5 17. Nf3 Re8 18. c4 dxc4 19. Bxc4 Ngxe5 20. Nxe5 Nxe5
21. Bxe5 Rxe5 22. Qf3 Rf5 23. Qxb7 Be6 24. Bxe6 fxe6 25. Qe4 Qd7 26. Qxa8+ Kf7 27. Qh8 Rf6 28. Qh7+ Ke8 29. Qxd7+ Kxd7 30. Nc3 c6
31. Rf1 Rxf1+ 32. Kxf1 e5 33. Ne4 Ke6 34. Rc1 Kd5 35. d3 g4 36. Nf6+ Ke6 37. Rxc6+ Kf5 38. Ne4 a6 39. Rxh6 g3 40. Rxa6 Kg4
41. h6 Kf5 42. h7 Kg4 43. h8=Q Kf5 44. Nxg3+ Kg4 45. Kf2 e4 46. Qh5#
1-0

[Event "The Rizla"]
[Site "SchemingMind.com"]
[Date "2011.05.02"]
[Round "-"]
[White "SittingBull"]
[Black "emvarela"]
[Result "1-0"]
[WhiteCountry "CAN"]
[BlackCountry "ARG"]
[WhiteElo "1836"]
[WhiteRD "64"]
[BlackElo "1728"]
[BlackRD "46"]
[GameID "282377"]

1. e4 e5 2. Nf3 Nc6 3. Bb5 a6 4. Ba4 Nf6 5. Qe2 b5 6. Bb3 Bc5 7. O-O O-O 8. d3 h6 9. c3 d6 10. Be3 Bxe3
11. Qxe3 d5 12. Nbd2 dxe4 13. Nxe4 Bb7 14. Nc5 Na5 15. Nxb7 Nxb7 16. Nxe5 Qd6 17. d4 c5 18. Rad1 c4 19. Bc2 Nd5 20. Qf3 Rad8
21. Qf5 Nf6 22. Rfe1 Qd5 23. Ng4 Qxf5 24. Bxf5 Nd6 25. Nxf6+ gxf6 26. Bg4 f5 27. Bf3 Rfe8 28. Kf1 Ne4 29. Bxe4 fxe4 30. Re3 Rd6
31. Rde1 f5 32. f3 Kf7 33. fxe4 fxe4 34. Rxe4 Rf6+ 35. Kg1 Rf8 36. Rf1 Kg6 37. Rxf6+ Rxf6 38. g3 Kg5 39. Kg2 h5 40. d5 Rd6
41. Rd4 Kf5 42. Kf3 Ke5 43. h3 Rxd5 44. Rxd5+ Kxd5 45. Kf4 a5 46. a3 Kc5 47. g4 hxg4 48. hxg4
1-0

[Event "The Rizla"]
[Site "SchemingMind.com"]
[Date "2011.04.27"]
[Round "-"]
[White "SittingBull"]
[Black "Gorake"]
[Result "1-0"]
[WhiteCountry "CAN"]
[BlackCountry "SWE"]
[WhiteElo "1908"]
[WhiteRD "64"]
[BlackElo "1562"]
[BlackRD "101"]
[GameID "282379"]

1. e4 c5 2. Nf3 Nc6 3. d4 cxd4 4. Nxd4 e5 5. Nb5 Qa5+ 6. N1c3 Nf6 7. f3 Be7 8. Nd6+ Bxd6 9. Qxd6 Nd4 10. Bd3 Nh5
11. O-O Qb6 12. Qxb6 axb6 13. Nd5 O-O 14. Nxb6 Ra6 15. Bxa6 Nxc2 16. Rb1 bxa6 17. Nxc8 Rxc8 18. Bd2 Nd4 19. Bc3 Ne2+ 20. Kf2 Nxc3
21. Rbc1 Nxe4+ 22. fxe4 Rb8 23. Rc2 Nf4 24. g3 Nd3+ 25. Ke3 Nxb2 26. Rb1 g6 27. Rcxb2 Rc8 28. Rb8 Rxb8 29. Rxb8+ Kg7 30. Rb7 f5
31. Rxd7+ Kh6 32. Re7 fxe4 33. Kxe4 Kg5 34. Rxh7 Kg4 35. Ra7 Kh3 36. Rxa6 Kxh2 37. Rxg6 Kh3 38. Kxe5 Kg2 39. a4 Kf3 40. a5
1-0

[Event "The Rizla"]
[Site "SchemingMind.com"]
[Date "2011.04.27"]
[Round "-"]
[White "SittingBull"]
[Black "pclaxton"]
[Result "1-0"]
[WhiteCountry "CAN"]
[BlackCountry "ENG"]
[WhiteElo "1920"]
[WhiteRD "65"]
[BlackElo "1351"]
[BlackRD "57"]
[GameID "282380"]

1. e4 e5 2. Nf3 Nc6 3. Bb5 Na5 4. O-O c6 5. Ba4 d5 6. exd5 Qxd5 7. Re1 f6 8. Nc3 Qd6 9. d4 Bg4 10. Qd3 Qb4
11. Nxe5 fxe5 12. Rxe5+ Ne7 13. Bg5 Qxb2 14. Rae1 O-O-O 15. Bxe7 Bxe7 16. Rxe7 Rhf8 17. Qg3 Bf5 18. Qc7#
1-0

[Event "The Rizla"]
[Site "SchemingMind.com"]
[Date "2011.05.02"]
[Round "-"]
[White "emvarela"]
[Black "SittingBull"]
[Result "0-1"]
[WhiteCountry "ARG"]
[BlackCountry "CAN"]
[WhiteElo "1785"]
[WhiteRD "50"]
[BlackElo "1916"]
[BlackRD "63"]
[GameID "282382"]

1. e4 c5 2. Nf3 d6 3. d4 cxd4 4. Nxd4 Nf6 5. Nc3 g6 6. Be3 Bg7 7. f3 Nc6 8. Qd2 Bd7 9. Bc4 O-O 10. O-O-O Rb8
11. h4 b5 12. Ncxb5 Qc8 13. Nxc6 Qxc6 14. Nxa7 Qxc4 15. b3 Qa6 16. c4 Ra8 17. Nb5 Bxb5 18. cxb5 Qxb5 19. g4 Rfc8+ 20. Kb1 Nd7
21. Bd4 Bxd4 22. Qxd4 Qe2 23. Rd2 Qxf3 24. Rg1 Nc5 25. Re1 Nxb3 26. Rd3 Nxd4
0-1

[Event "The Rizla"]
[Site "SchemingMind.com"]
[Date "2011.04.27"]
[Round "-"]
[White "Gorake"]
[Black "SittingBull"]
[Result "0-1"]
[WhiteCountry "SWE"]
[BlackCountry "CAN"]
[WhiteElo "1562"]
[WhiteRD "101"]
[BlackElo "1908"]
[BlackRD "64"]
[GameID "282384"]

1. f4 d5 2. Nf3 c5 3. e3 g6 4. Be2 Bg7 5. O-O Nf6 6. c3 O-O 7. d4 Nbd7 8. Nbd2 b6 9. Ng5 h6 10. Nh3 Bb7
11. b3 Ne4 12. Nxe4 dxe4 13. f5 g5 14. Bh5 Nf6 15. Nf2 Qd5 16. c4 Qxf5 17. Bb2 Qd7 18. dxc5 bxc5 19. Bxf6 Qxd1 20. Raxd1 Bxf6
21. Rd7 Bc6 22. Rc7 Rfc8 23. Rxc8+ Rxc8 24. Ng4 Kg7 25. Nxf6 exf6 26. Bg4 Rd8 27. Rd1 Rxd1+ 28. Bxd1 a5 29. Kf2 f5 30. Kg3 Kf6
31. h4 Ke5 32. Bh5 f6 33. Kh3 f4 34. exf4+ gxf4 35. Bd1 Bd7+ 36. g4 Kd4 37. Kg2 Ke3 38. a3 Kd2 39. g5 f3+ 40. Bxf3 exf3+
41. Kxf3 fxg5 42. hxg5 hxg5 43. b4 axb4 44. a4 Bxa4 45. Kg4 b3
0-1

[Event "The Rizla"]
[Site "SchemingMind.com"]
[Date "2011.04.27"]
[Round "-"]
[White "pclaxton"]
[Black "SittingBull"]
[Result "0-1"]
[WhiteCountry "ENG"]
[BlackCountry "CAN"]
[WhiteElo "1351"]
[WhiteRD "57"]
[BlackElo "1920"]
[BlackRD "65"]
[GameID "282385"]

1. e4 c5 2. c4 g6 3. f4 d6 4. Nf3 Bg7 5. d4 cxd4 6. Nxd4 Nf6 7. e5 dxe5 8. fxe5 Qa5+ 9. Bd2 Qxe5+ 10. Be3 Qxe3+
11. Ne2 Ne4 12. Qd5 O-O 13. g3 Be6 14. Qxb7 Rd8 15. Qxa8 Qf2#
0-1

[Event "The Rizla"]
[Site "SchemingMind.com"]
[Date "2011.04.28"]
[Round "-"]
[White "ampp"]
[Black "SittingBull"]
[Result "0-1"]
[WhiteCountry "POR"]
[BlackCountry "CAN"]
[WhiteElo "1172"]
[WhiteRD "52"]
[BlackElo "1908"]
[BlackRD "64"]
[GameID "282547"]

1. e4 e6 2. d4 d5 3. e5 c5 4. c3 Nc6 5. Nf3 Qb6 6. Be2 Nge7 7. O-O Nf5 8. a3 cxd4 9. cxd4 Ncxd4 10. Nxd4 Qxd4
11. Qxd4 Nxd4 12. Re1 Nxe2+ 13. Rxe2 Bc5 14. Be3 Bxe3
0-1

[Event "The Rizla"]
[Site "SchemingMind.com"]
[Date "2011.04.29"]
[Round "-"]
[White "ampp"]
[Black "Gorake"]
[Result "0-1"]
[WhiteCountry "POR"]
[BlackCountry "SWE"]
[WhiteElo "1172"]
[WhiteRD "52"]
[BlackElo "1562"]
[BlackRD "101"]
[GameID "282548"]

1. e4 e5 2. Nf3 Nc6 3. Bc4 Nf6 4. c3 Nxe4 5. Qe2 d5 6. Bd3 Nf6 7. O-O Bd6 8. a3 e4 9. Bc2 O-O 10. Nd4 Nxd4
11. cxd4 Ng4 12. h3 Nh6
0-1

[Event "The Rizla"]
[Site "SchemingMind.com"]
[Date "2011.04.28"]
[Round "-"]
[White "ampp"]
[Black "pclaxton"]
[Result "0-1"]
[WhiteCountry "POR"]
[BlackCountry "ENG"]
[WhiteElo "1172"]
[WhiteRD "52"]
[BlackElo "1302"]
[BlackRD "53"]
[GameID "282549"]

1. e4 e5 2. Nf3 Nc6 3. Bc4 d6 4. d3 f6 5. O-O Nge7 6. Nc3 Bg4 7. h3 Bh5 8. Be3 Qd7 9. d4 a6 10. a3 b5
11. Be2 O-O-O 12. d5 Na5 13. b4 Nb7
0-1

[Event "The Rizla"]
[Site "SchemingMind.com"]
[Date "2011.04.28"]
[Round "-"]
[White "SittingBull"]
[Black "ampp"]
[Result "1-0"]
[WhiteCountry "CAN"]
[BlackCountry "POR"]
[WhiteElo "1908"]
[WhiteRD "64"]
[BlackElo "1172"]
[BlackRD "52"]
[GameID "282554"]

1. e4 e6 2. d4 d5 3. Nc3 Nf6 4. e5 Ne4 5. Nxe4 Bd7 6. Ng3 Nc6 7. c3 Be7 8. Nf3 f6 9. exf6 gxf6 10. Bd3 e5
11. dxe5 fxe5 12. Bc2 Bd6 13. O-O Qe7 14. Nf5 Bxf5 15. Bxf5
1-0

[Event "The Rizla"]
[Site "SchemingMind.com"]
[Date "2011.04.29"]
[Round "-"]
[White "Gorake"]
[Black "ampp"]
[Result "1-0"]
[WhiteCountry "SWE"]
[BlackCountry "POR"]
[WhiteElo "1562"]
[WhiteRD "101"]
[BlackElo "1172"]
[BlackRD "52"]
[GameID "282555"]

1. f4 d5 2. Nf3 Nc6 3. e3 f6 4. Be2 e5 5. fxe5 fxe5 6. O-O Nf6 7. Qe1 a6 8. b3 Bd6 9. Bb2 Bf5 10. Nh4 Bxc2
11. d3 Bxb1 12. Rxb1
1-0

[Event "The Rizla"]
[Site "SchemingMind.com"]
[Date "2011.04.28"]
[Round "-"]
[White "pclaxton"]
[Black "ampp"]
[Result "1-0"]
[WhiteCountry "ENG"]
[BlackCountry "POR"]
[WhiteElo "1302"]
[WhiteRD "53"]
[BlackElo "1172"]
[BlackRD "52"]
[GameID "282556"]

1. e4 e5 2. Nf3 Nc6 3. d3 Nf6 4. Bg5 Be7 5. Nc3 O-O 6. g3 h6 7. Bxf6 Bxf6 8. Bh3 d6 9. Bxc8 Rxc8 10. Nb5 a6
11. Nc3 b5 12. b3 b4 13. Nd5 Nd4 14. Nxd4 exd4 15. Nxb4 a5 16. Nc6
1-0

[Event "The Rizla"]
[Site "SchemingMind.com"]
[Date "2011.05.03"]
[Round "-"]
[White "Manuel Angel"]
[Black "emvarela"]
[Result "1-0"]
[WhiteCountry "ESP"]
[BlackCountry "ARG"]
[WhiteElo "2114"]
[WhiteRD "78"]
[BlackElo "1750"]
[BlackRD "48"]
[GameID "282577"]

1. e4 e5 2. Nf3 Nc6 3. d4 exd4 4. Nxd4 Bc5 5. Be3 Qf6 6. c3 Nge7 7. Qf3 Bxd4 8. cxd4 d6 9. Qxf6 gxf6 10. Nc3 Bd7
11. d5 Ne5 12. f4 Ng4 13. Bd4 c5 14. dxc6 Nxc6 15. Bg1 O-O-O 16. h3 Nh6 17. g4 Rhe8 18. O-O-O a6 19. Bb6 Re7 20. Bxd8 Kxd8
21. Rxd6 Re6 22. Rd2 Kc7 23. Bc4 Re8 24. Nd5+ Kd8 25. Nxf6 Re7 26. g5
1-0

[Event "The Rizla"]
[Site "SchemingMind.com"]
[Date "2011.05.02"]
[Round "-"]
[White "Manuel Angel"]
[Black "SittingBull"]
[Result "1-0"]
[WhiteCountry "ESP"]
[BlackCountry "CAN"]
[WhiteElo "2114"]
[WhiteRD "78"]
[BlackElo "1855"]
[BlackRD "66"]
[GameID "282579"]

1. e4 c5 2. Nf3 d6 3. d4 cxd4 4. Nxd4 Nf6 5. Nc3 g6 6. Be3 Bg7 7. Be2 Nc6 8. O-O O-O 9. f3 Bd7 10. Nxc6 Bxc6
11. a4 Qa5 12. Nb5 a6 13. Nd4 Bd7 14. Nb3 Qc7 15. Qd2 Rfc8 16. c4 b6 17. Rfd1 Rab8 18. Nd4 Be8 19. b4 Nd7 20. a5 bxa5
21. Rxa5 Qb7 22. Rb1 Ne5 23. Qa2 Ra8 24. c5 Nc6 25. Nxc6 Rxc6 26. b5 Rb8 27. Bd3
1-0

[Event "The Rizla"]
[Site "SchemingMind.com"]
[Date "2011.05.03"]
[Round "-"]
[White "Manuel Angel"]
[Black "Gorake"]
[Result "1-0"]
[WhiteCountry "ESP"]
[BlackCountry "SWE"]
[WhiteElo "2029"]
[WhiteRD "79"]
[BlackElo "1603"]
[BlackRD "73"]
[GameID "282580"]

1. d4 f5 2. c4 Nf6 3. Nc3 e6 4. Nf3 Be7 5. g3 O-O 6. Bg2 c6 7. O-O b6 8. d5 c5 9. d6 Bxd6 10. Qxd6 Nc6
11. Ne5 Nd4 12. Bxa8 Ba6 13. Bg2 Ne4 14. Nxe4 Nxe2+ 15. Kh1 Bb7 16. Nxd7 Bxe4 17. Qxf8+ Qxf8 18. Nxf8 Kxf8 19. Bxe4 Ke7 20. Bg5+ Kf7
21. Bg2 h5 22. Rfe1 Nd4 23. Rad1 Nc2 24. Rd7+ Kg6 25. Rxe6+ Kxg5 26. Rxg7#
1-0

[Event "The Rizla"]
[Site "SchemingMind.com"]
[Date "2011.05.03"]
[Round "-"]
[White "Manuel Angel"]
[Black "pclaxton"]
[Result "1-0"]
[WhiteCountry "ESP"]
[BlackCountry "ENG"]
[WhiteElo "2029"]
[WhiteRD "79"]
[BlackElo "1311"]
[BlackRD "56"]
[GameID "282581"]

1. Nf3 d5 2. d4 Nf6 3. c4 Bf5 4. Nc3 e6 5. Qa4+ c6 6. Nh4 Bg4 7. h3 Bh5 8. g4 Bg6 9. Nxg6 fxg6 10. cxd5 exd5
11. Bg2 Be7 12. O-O Qd6 13. g5 Nfd7 14. e4 h6 15. gxh6 gxh6 16. exd5 cxd5 17. Nxd5 Bd8 18. Qb3 b6 19. Bf4 Qf8 20. Rfe1+ Kf7
21. Nc7+ Kg7 22. Ne6+ Kh7 23. Nxf8+ Rxf8 24. Re8 Rxe8 25. Qf7+ Kh8 26. Qxe8+ Kg7 27. Bd5 Kf6 28. Qf7#
1-0

[Event "The Rizla"]
[Site "SchemingMind.com"]
[Date "2011.05.03"]
[Round "-"]
[White "Manuel Angel"]
[Black "ampp"]
[Result "1-0"]
[WhiteCountry "ESP"]
[BlackCountry "POR"]
[WhiteElo "2029"]
[WhiteRD "79"]
[BlackElo "1195"]
[BlackRD "54"]
[GameID "282582"]

1. e4 e6 2. d4 d5 3. Nd2 dxe4 4. Nxe4 Nc6 5. Nf3 Be7 6. Bc4 a6 7. O-O Nf6 8. Nxf6+ Bxf6 9. c3 O-O 10. Bd3 h6
11. Bf4 b5 12. Qe2 Re8 13. Qe4 Bb7 14. Qh7+ Kf8 15. Be4 Ke7 16. d5 exd5 17. Rad1 dxe4 18. Qxe4+
1-0

[Event "The Rizla"]
[Site "SchemingMind.com"]
[Date "2011.05.03"]
[Round "-"]
[White "emvarela"]
[Black "Manuel Angel"]
[Result "0-1"]
[WhiteCountry "ARG"]
[BlackCountry "ESP"]
[WhiteElo "1728"]
[WhiteRD "46"]
[BlackElo "2161"]
[BlackRD "81"]
[GameID "282585"]

1. e4 d5 2. exd5 Nf6 3. d4 Qxd5 4. c4 Qa5+ 5. Bd2 Qb6 6. Bc3 Ne4 7. Qa4+ Nc6 8. Ne2 Bf5 9. f3 Nxc3 10. Nbxc3 Qxb2
11. Rd1 Bc2 12. Qb5 Qxb5 13. Nxb5 Bxd1 14. Kxd1 O-O-O 15. d5 e6 16. Nbc3 exd5 17. cxd5 Bb4 18. Kc2 Ne7 19. Nf4 Bxc3 20. Kxc3 b5
21. Bxb5 Nxd5+ 22. Nxd5 Rxd5 23. Ba6+ Kd7 24. Bc4 Rc5 25. Kb4 Kc6 26. Bxf7 Rb8+ 27. Ka4 Rb2 28. g3 Rf5 29. Be8+ Kd6 30. Rd1+ Rd5
31. Rxd5+ Kxd5 32. Bf7+ Kd4 33. h4 c5
0-1

[Event "The Rizla"]
[Site "SchemingMind.com"]
[Date "2011.05.02"]
[Round "-"]
[White "SittingBull"]
[Black "Manuel Angel"]
[Result "0-1"]
[WhiteCountry "CAN"]
[BlackCountry "ESP"]
[WhiteElo "1855"]
[WhiteRD "66"]
[BlackElo "2114"]
[BlackRD "78"]
[GameID "282587"]

1. e4 e5 2. Nf3 Nc6 3. Bb5 a6 4. Ba4 Nf6 5. Qe2 b5 6. Bb3 Bb7 7. d3 Bc5 8. O-O O-O 9. Bg5 h6 10. Bh4 Qe7
11. c3 Bb6 12. Nbd2 Na5 13. Bc2 c5 14. Rfd1 Qe6 15. Bg3 d6 16. Nf1 Nh5 17. Ne3 Rfe8 18. c4 Nc6 19. Nd5 Bd8 20. a4 Nxg3
21. fxg3 bxc4 22. dxc4 Nd4 23. Nxd4 exd4 24. Rf1 Bxd5 25. cxd5 Qxd5 26. Qxa6 Rxa6 27. exd5 c4 28. Rfe1 Rxe1+ 29. Rxe1 Kf8 30. Rc1 Bg5
31. Re1 Rb6 32. a5 Rxb2 33. Ra1 Be3+ 34. Kf1 Rxc2 35. a6 Rf2+ 36. Ke1 d3
0-1

[Event "The Rizla"]
[Site "SchemingMind.com"]
[Date "2011.05.03"]
[Round "-"]
[White "Gorake"]
[Black "Manuel Angel"]
[Result "0-1"]
[WhiteCountry "SWE"]
[BlackCountry "ESP"]
[WhiteElo "1594"]
[WhiteRD "75"]
[BlackElo "2085"]
[BlackRD "77"]
[GameID "282588"]

1. f4 d5 2. Nf3 Nf6 3. e3 Nc6 4. Be2 g6 5. O-O Bg7 6. c3 O-O 7. d4 Bf5 8. Qe1 a5 9. Nbd2 a4 10. Ne5 Nxe5
11. dxe5 Ne4 12. Nxe4 Bxe4 13. Bd2 Qd7 14. c4 dxc4 15. Bxc4 Bxg2 16. Kxg2 Qc6+ 17. Kg1 Qxc4 18. Qf2 c6 19. Qh4 Bxe5 20. Qxe7 Bxb2
21. Rab1 a3 22. Qxb7 Rab8 23. Qe7 Qxa2 24. Rfd1 Bf6 25. Qd6 Rxb1 26. Rxb1 Qxb1+ 27. Kf2 Rd8 28. Qxf6 Rxd2+ 29. Kf3 Qh1+ 30. Kg4 Qg1+
31. Kf3 Qg2#
0-1

[Event "The Rizla"]
[Site "SchemingMind.com"]
[Date "2011.05.03"]
[Round "-"]
[White "pclaxton"]
[Black "Manuel Angel"]
[Result "0-1"]
[WhiteCountry "ENG"]
[BlackCountry "ESP"]
[WhiteElo "1311"]
[WhiteRD "56"]
[BlackElo "2029"]
[BlackRD "79"]
[GameID "282589"]

1. e4 c5 2. Nc3 Nc6 3. d3 Nf6 4. Bg5 e6 5. Qf3 Nd4 6. Qd1 h6 7. Bxf6 Qxf6 8. Qg4 Nxc2+ 9. Kd1 Ne3+ 10. fxe3 Qxf1+
11. Kc2 Qxa1 12. b3 b5 13. d4 b4 14. Nb5 Qxa2+ 15. Kc1 Qa5 16. Nd6+ Bxd6 17. Qxg7 Qa1+ 18. Kc2 Qc3+ 19. Kd1 Rf8 20. Qxh6 Qxb3+
21. Ke1 Ba6 22. e5 Qb1+ 23. Kd2 c4 24. h4 c3#
0-1

[Event "The Rizla"]
[Site "SchemingMind.com"]
[Date "2011.05.03"]
[Round "-"]
[White "ampp"]
[Black "Manuel Angel"]
[Result "0-1"]
[WhiteCountry "POR"]
[BlackCountry "ESP"]
[WhiteElo "1195"]
[WhiteRD "54"]
[BlackElo "2029"]
[BlackRD "79"]
[GameID "282590"]

1. e4 e5 2. Nf3 Nc6 3. Bb5 a6 4. Bxc6 dxc6 5. Nc3 f6 6. O-O Bc5 7. d3 Ne7 8. Re1 O-O 9. Be3 Bxe3 10. Rxe3 c5
11. a3 Be6 12. b3 Nc6 13. h3 Qd6 14. Qd2 Nd4 15. a4 b5 16. axb5 axb5 17. Rxa8 Rxa8 18. Qd1 Qa6 19. g4 Qa1 20. Qxa1 Rxa1+
21. Kg2 Nxc2 22. Re2 Nb4 23. Nxb5 Nxd3 24. Nxc7 Nf4+ 25. Kg3 Nxe2+ 26. Kg2 Bxb3
0-1

[Event "The Rizla"]
[Site "SchemingMind.com"]
[Date "2011.05.03"]
[Round "-"]
[White "kenneth m day"]
[Black "Manuel Angel"]
[Result "0-1"]
[WhiteCountry "USA"]
[BlackCountry "ESP"]
[WhiteElo "1952"]
[WhiteRD "77"]
[BlackElo "2029"]
[BlackRD "79"]
[GameID "282595"]

1. d4 d5 2. Nf3 Nf6 3. Bf4 Nc6 4. e3 Nh5 5. Bg5 h6 6. Bh4 g5 7. Bg3 Nxg3 8. hxg3 g4 9. Nh4 e5 10. Bb5 Bg7
11. Nd2 exd4 12. exd4 Qe7+ 13. Qe2 Qxe2+ 14. Kxe2 Bxd4 15. c3 Bb6 16. Rad1 Bd7 17. Nf1 Nd4+ 18. cxd4 Bxb5+ 19. Ke3 Kd7 20. Nf5 Ba5
21. Nd2 Rae8+ 22. Kf4 Bxd2+ 23. Kxg4 Be2+
0-1

[Event "The Rizla"]
[Site "SchemingMind.com"]
[Date "2011.05.03"]
[Round "-"]
[White "kenneth m day"]
[Black "emvarela"]
[Result "1-0"]
[WhiteCountry "USA"]
[BlackCountry "ARG"]
[WhiteElo "1946"]
[WhiteRD "66"]
[BlackElo "1750"]
[BlackRD "48"]
[GameID "282596"]

1. d4 Nf6 2. Nf3 d5 3. Bf4 c5 4. c3 Nc6 5. h3 e6 6. e3 Bd6 7. Ne5 Bxe5 8. dxe5 Nd7 9. Bb5 a6 10. Bxc6 bxc6
11. Nd2 O-O 12. Nf3 f6 13. exf6 Nxf6 14. Ne5 Bd7 15. O-O h6= 16. Qd3 Ne4 17. f3 c4 18. Qc2 g5 19. Bh2 Be8 20. fxe4 Rxf1+
21. Rxf1 Qb6 22. Rf3 Ra7 23. Kf2 Rb7 24. Rf6 Qxb2 25. Qxb2 Rxb2+ 26. Kf3 Bh5+ 27. Kg3 Re2 28. Bg1 Rxa2 29. Rxe6 dxe4 30. Rxc6 Be2
31. Rxh6 Bf1 32. Bf2 Rc2 33. Rxa6 Rxc3 34. Rg6+ Kh7 35. Rxg5 Rc2 36. Rg4 c3 37. Rxe4 Rxf2 38. Kxf2 c2 39. Nd3 Bxd3 40. Re7+ Kg6
41. Rc7 Kf5 42. Ke1 Ke4 43. Kd2 Bf1 44. Rxc2 Bxg2 45. h4 Kf5 46. Rc8 Kg4 47. Rg8+
1-0

[Event "The Rizla"]
[Site "SchemingMind.com"]
[Date "2011.04.29"]
[Round "-"]
[White "kenneth m day"]
[Black "SittingBull"]
[Result "0-1"]
[WhiteCountry "USA"]
[BlackCountry "CAN"]
[WhiteElo "1904"]
[WhiteRD "73"]
[BlackElo "1916"]
[BlackRD "63"]
[GameID "282598"]

1. d4 Nf6 2. Nf3 g6 3. Nc3 Bg7 4. e4 d6 5. Be3 O-O 6. Qd2 Re8 7. Bc4 c6 8. Ng5 e6 9. O-O-O d5 10. Bd3 dxe4
11. Ncxe4 Nd5 12. c3 Nxe3 13. Qxe3 Nd7 14. h4 Nf6 15. f3 Nxe4 16. Nxe4 Qa5 17. Kb1 b5 18. h5 b4 19. Qd2 bxc3 20. Qxc3 Qb6
21. Bc4 e5 22. d5 cxd5 23. Bxd5 Rb8 24. hxg6 hxg6 25. Bb3 Be6 26. Rd6 Qb5 27. Bxe6 fxe6 28. Rhd1 Rec8 29. Qd2 Bh6 30. a4 Qb3
31. Qf2 Be3 32. Qe2 Bd4 33. Rd2 Rb4 34. Rxe6 Rxa4 35. Rc2 Rxc2 36. Qxc2 Ra1+
0-1

[Event "The Rizla"]
[Site "SchemingMind.com"]
[Date "2011.04.29"]
[Round "-"]
[White "kenneth m day"]
[Black "Gorake"]
[Result "1-0"]
[WhiteCountry "USA"]
[BlackCountry "SWE"]
[WhiteElo "1977"]
[WhiteRD "79"]
[BlackElo "1562"]
[BlackRD "101"]
[GameID "282599"]

1. d4 f5 2. e4 fxe4 3. Nc3 Nf6 4. f3 exf3 5. Nxf3 e6 6. Bd3 Be7 7. Bg5 O-O 8. Qe2 b6 9. h4 Nd5 10. Nxd5 Bxg5
11. hxg5 exd5 12. Bxh7+ Kf7 13. Ne5+ Ke8 14. Nc6+ Kf7 15. g6+ Kf6 16. Qe5#
1-0

[Event "The Rizla"]
[Site "SchemingMind.com"]
[Date "2011.04.29"]
[Round "-"]
[White "kenneth m day"]
[Black "pclaxton"]
[Result "1-0"]
[WhiteCountry "USA"]
[BlackCountry "ENG"]
[WhiteElo "1952"]
[WhiteRD "77"]
[BlackElo "1311"]
[BlackRD "56"]
[GameID "282600"]

1. d4 d5 2. Nf3 Nc6 3. Bf4 e6 4. e3 Nf6 5. h3 Ne4 6. c3 Bd6 7. Bd3 Bxf4 8. exf4 Nd6 9. Nbd2 O-O 10. Ng5 h6
11. Qh5 Qf6 12. g3 Nf5 13. O-O-O hxg5 14. g4 g6 15. Qxg5 Qxg5 16. fxg5 Nh4 17. Rdf1 Ne7 18. f4 Ng2 19. h4 f5 20. h5 Ne3
21. Rf3 Nxg4 22. Rg3 Nf2 23. Rh2 Ng4 24. Rhg2 gxh5 25. Rh3 Nc6 26. Rxh5 Na5 27. Nf3 Rf7 28. Nh4 Ne3 29. Rg3 Nec4 30. g6 Rg7
31. Rh6 Bd7 32. Rg5 Rf8 33. Rgh5 Be8 34. Rh8#
1-0

[Event "The Rizla"]
[Site "SchemingMind.com"]
[Date "2011.04.29"]
[Round "-"]
[White "kenneth m day"]
[Black "ampp"]
[Result "1-0"]
[WhiteCountry "USA"]
[BlackCountry "POR"]
[WhiteElo "1977"]
[WhiteRD "79"]
[BlackElo "1172"]
[BlackRD "52"]
[GameID "282601"]

1. d4 Nf6 2. Nf3 d5 3. Bf4 Nc6 4. e3 e6 5. h3 Bb4+ 6. c3 Ba5 7. Nbd2 h6 8. Bd3 O-O 9. Qe2 a6 10. g4 b5
11. g5 hxg5 12. Bxg5 b4 13. Nb3 Bb6 14. Ne5
1-0